Castillos, señores y campesinos, en la Italia medieval
Shranjeno v:
| Glavni avtor: | |
|---|---|
| Format: | Knjiga |
| Jezik: | španščina |
| Izdano: |
Barcelona, España
Crítica
1990
|
| Serija: | Crítica - Historia Medieval
|
| Teme: | |
| Oznake: |
Označite
Brez oznak, prvi označite!
|
MARC
| LEADER | 00000nam a2200000 a 4500 | ||
|---|---|---|---|
| 001 | UCL4865 | ||
| 003 | CL-VaPUC | ||
| 005 | 20210709001859.0 | ||
| 008 | 040227e19900000SP |||||||||||||||||spa|d | ||
| 999 | |c 307622 |d 307620 | ||
| 020 | |a 8474234336 | ||
| 040 | |c Pontificia Universidad Católica de Valparaíso | ||
| 082 | 0 | 4 | |a 945.03 TOU 1990 |2 21 |
| 100 | 0 | |a Toubert, Pierre |e autor |9 482554 | |
| 245 | 1 | 0 | |a Castillos, señores y campesinos, en la Italia medieval |
| 260 | |a Barcelona, España |b Crítica |c 1990 | ||
| 300 | |a 347 páginas | ||
| 490 | 0 | |a Crítica - Historia Medieval | |
| 583 | |a last modification |c 20040227 00:00:00 |k Rodrigo Vera | ||
| 650 | 0 | |a Historia de Italia |x Feudalismo |9 362027 | |
| 650 | 0 | |a Historia medieval |9 258042 |z Italia | |
| 942 | |c BK |2 ddc | ||
| 945 | |d 20040227 00:00:00 |a cmena | ||
| 952 | |0 0 |1 0 |2 ddc |4 0 |6 945_030000000000000_TOU_1990 |7 0 |8 A |9 373664 |a BIBHIS |b BIBHIS |d 2019-11-21 |i 3986519 |o 945.03 TOU 1990 |p 3986519 |r 2025-01-20 |t 1 |w 2019-11-21 |y BK |k HIS | ||